Serie A 16-17 Teams - Statistics

General Stats
  • This quiz has been taken 4 times
  • The average score is 18 of 20
Answer Stats
Standing Answer % Correct
#6 AC Milan
100%
#2 AS Roma
100%
#4 Atalanta
100%
#15 Bologna
100%
#17 Crotone
100%
#16 Genoa
100%
#7 Inter Milan
100%
#1 Juventus
100%
#5 Lazio
100%
#3 Napoli
100%
#19 Palermo
100%
#11 Sampdoria
100%
#10 Sassuolo
100%
#13 Udinese
100%
#12 Cagliari
75%
#14 Chievo
75%
#18 Empoli
75%
#8 Fiorentina
75%
#9 Torino
75%
#20 Pescara
50%
No matching quizzes found
Score Distribution
Percent of People with Each Score
Percentile by Number Answered
Your Score History
You have not taken this quiz